| 000 | 00508nam a2200169Ia 4500 | ||
|---|---|---|---|
| 999 |
_c22773 _d22773 |
||
| 003 | OSt | ||
| 005 | 20200519130423.0 | ||
| 008 | 190216s9999||||xx |||||||||||||| ||und|| | ||
| 020 | _a9788174354907 | ||
| 040 | _coclc | ||
| 082 |
_a340.59 _bMUS/B |
||
| 100 |
_aMuslehuddin, Muhammad _92244 |
||
| 245 | 0 |
_aBanking & Islamic Law / _cMuhammad Muslehuddin |
|
| 260 |
_bAdam Publishers&Distributors, _c2008. _aNew Delhi: |
||
| 300 | _a130p | ||
| 942 |
_cBK _2ddc _h340.59 _iMUS/B _k340.59 _mMUS/B |
||